000 00905nam a2200241 4500
001 39086
003 BD-RjUL
005 20211209052920.0
008 160404s1998 bg ||||e |||| 00| 0 ben d
020 _a9840738283
_c: TK. 60
035 _a(BD-RjUL)39198
040 _aBD-RjUL
_bben
_cBD-RjUL
041 _aben
082 _223
_a782.4216295492
_bAHG 1998
100 _aআহমদ, আফসার
_9120625
245 1 0 _aগাজীর গান :
_bশিল্পরীতি /
_cআফসার আহমদ
260 _aঢাকা :
_bবাংলা একাডেমী,
_c১৯৯৮
300 _a১২, ৬৬ পৃ. ;
_c২২ সেমি.
500 _aটিকা ও তথ্যপঞ্জি সংযুক্ত
650 _aঐতিহ্যগত গান
_9120626
_zবাংলাদেশ
650 _aChansons traditionelles
_9120627
_zBangladesh
942 _2ddc
_cBK
999 _c39086
_d39086